| 000 | 00698nam a2200217 u 4500 | ||
|---|---|---|---|
| 005 | 20240924071135.0 | ||
| 008 | 100616s2005 ag r 000 0 spa d | ||
| 020 | _a9875506354 | ||
| 035 | _aUPN01000176597 | ||
| 049 | _aCG | ||
| 050 | 4 |
_aPQ6292 _bA6a |
|
| 100 | 1 |
_aCalderón de la Barca, Pedro, _d1600-1681 _928623 |
|
| 245 | 1 | 3 |
_aEl alcalde de Zalamea / _cPedro Calderón de la Barca ; pról. Silvina Beatriz Marsimian. |
| 260 |
_aBuenos Aires : _bLongseller, _c2005. |
||
| 300 | _a227, [10] p. | ||
| 440 | 0 |
_aClásicos de siempre. _pJoyas del teatro ; _v20 |
|
| 650 | 4 |
_aLiteratura española _95069 |
|
| 650 | 0 |
_aTeatro español _y1500-1700 _97208 |
|
| 905 | _aLibro | ||
| 999 |
_c148700 _d148700 |
||